[Event "PSG G2 email"]
[Site "Slovakia"]
[Date "2000.??.??"]
[Round "?"]
[White "Zvalo, Michal"]
[Black "Varhol, Michal"]
[Result "0-1"]
[WhiteElo "1300"]
[BlackElo "1835"]
[PlyCount "40"]
[EventDate "2000.??.??"]
[EventType "tourn (corr)"]
[EventRounds "6"]
[EventCountry "SVK"]
[SourceTitle "Corr 2002"]
[Source "ChessBase"]
[SourceDate "2002.05.23"]
[SourceVersion "1"]
[SourceVersionDate "2002.05.23"]
[SourceQuality "1"]

1. e4 c5 2. Nc3 Nc6 3. Bc4 a6 4. Qh5 e6 5. f4 b5 6. Bf1 g6 7. Qd1 Bg7 8. e5 f6 9. exf6 Nxf6 10. a4 b4 11. Nb1 Nd5 12. g3 Nxf4 13. gxf4 Qh4+ 14. Ke2 Nd4+ 15. Kd3 c4+ 16. Kxc4 a5 17. c3 Ba6+ 18. Kc5 d6+ 19. Kxd6 Qd8+ 20. Kc5 Bf8# 0-1